The collected stories
Shranjeno v:
| Glavni avtor: | |
|---|---|
| Format: | Knjiga |
| Jezik: | Undetermined |
| Izdano: |
London
Everyman's Library
1995
|
| Teme: | |
| Oznake: |
Označite
Brez oznak, prvi označite!
|
| Thư viện lưu trữ: | Trung tâm Học liệu Trường Đại học Cần Thơ |
|---|
| LEADER | 00528nam a2200181Ia 4500 | ||
|---|---|---|---|
| 001 | CTU_33909 | ||
| 008 | 210402s9999 xx 000 0 und d | ||
| 082 | |a 813.52 | ||
| 082 | |b H488c | ||
| 100 | |a Ernest Hemingway | ||
| 245 | 4 | |a The collected stories | |
| 245 | 0 | |c Ernest Hemingway | |
| 260 | |a London | ||
| 260 | |b Everyman's Library | ||
| 260 | |c 1995 | ||
| 650 | |a american fiction - 20th century,short stories, american - 20th century | ||
| 904 | |i Minh, 991117 | ||
| 980 | |a Trung tâm Học liệu Trường Đại học Cần Thơ | ||